Evaluation of Hevea germplasm: Observations on certain prominent traits in a conservatory (Record no. 49959)

MARC details
000 -LEADER
fixed length control field 00514nam a2200145Ia 4500
100 ## - MAIN ENTRY--AUTHOR NAME
Personal name Mercy M.A.
245 #0 - TITLE STATEMENT
Title Evaluation of Hevea germplasm: Observations on certain prominent traits in a conservatory
260 ## - PUBLICATION, DISTRIBUTION, ETC. (IMPRINT)
Name of publisher ISPGR Dialogue in Plant Genetic Resources: Developing National Policy, December 1993, NBPGR, New Delhi, India.
Year of publication 1993
650 ## - SUBJECT ADDED ENTRY--TOPICAL TERM
Topical Term Germplasm evaluation
700 ## - ADDED ENTRY--PERSONAL NAME
Personal name Abraham S.T.
700 ## - ADDED ENTRY--PERSONAL NAME
Personal name George P.J.
700 ## - ADDED ENTRY--PERSONAL NAME
Personal name Potty S.N.
942 ## - ADDED ENTRY ELEMENTS (KOHA)
Koha item type Bibliography STAF
Holdings
Withdrawn status Lost status Damaged status Not for loan Home library Current library Shelving location Date acquired Koha item type
      Bibliography RRII Library RRII Library Germaplsm 09/04/2014 Bibliography STAF